00675nam a2200229 a 450000100060000000300080000600500170001400800410003102000260007202000220009803500190012004000320013904100080017108200260017910000200020524500810022526000420030630000310034850000190037965000130039865000340041142841BD-RjUL20211209053613.0160616s1972 enka b 001 0 eng  a0521082943 (h. cover) a0521096723 (pbk.) a(BD-RjUL)42959 aDLCcDLCdDLCdBD-RjULbeng aeng00a332.041223bHAR 19721 aHarcourt, G. C.10aSome Cambridge controversies in the theory of capital /cby, G. C. Harcourt. aCambridge :bUniversity Press,c1972. ax, 272 p. :bill ;c22 cm. aIncludes Index 0aCapital. 0aCapitalxMathematical models.